000
00308nam a22001217a 4500
082
_a
621.3810202 FIN'E
100
_a
FINK, DONALD G,MCKENZIE, ALEXANDER A
_9
60535
245
_a
ELECTRONIC ENGINEERING HANDBOOK
250
_a
1ST
260
_a
NEWYROK
_b
MCGRAW HILL
_c
1975
300
_a
XIV,27-39P
942
_c
BK
999
_c
570239
_d
570239